000 00510nam a22001937a 4500
005 20251022123815.0
008 251022b |||||||| |||| 00| 0 eng d
037 _cREF
040 _aCRL
_cCRL
041 _2ENG
_aENG
084 _bCRL
245 _aPelicanguideto English literature:
_ba guide for reader
260 _bPenguin,
_c1991.
300 _aviii, 562p.
365 _b4.00
_cPD
440 _vVol.10
942 _2CC
_cREF
_n0
999 _c1464964
_d1464964